| 000 | 00683nam a2200253Ia 4500 | ||
|---|---|---|---|
| 001 | UByD000834 | ||
| 003 | AR-LpoUNG | ||
| 005 | 20241226121448.0 | ||
| 008 | 220812s1952||||ag |||||||||||||| ||spa|| | ||
| 040 |
_aAR-LpoUNG _bspa _cAR-LpoUNG _eaacr |
||
| 041 | 0 | _aspa | |
| 082 | 0 | _aR103 58bib | |
| 245 | 0 | 0 | _aBibliografía filosófica del siglo XX |
| 260 |
_aBuenos Aires : _bPeuser, _c1952. |
||
| 300 | _a465 p. | ||
| 650 | 4 | _aFILOSOFIA | |
| 650 | 4 | _aBIBLIOGRAFIAS | |
| 650 | 4 | _aDOCUMENTOS SECUNDARIOS | |
| 650 | 4 | _aMATERIAL DE REFERENCIA | |
| 653 | 4 | _aSIGLO XX | |
| 710 | 2 | _aUniversidad de Buenos Aires. Instituto Bibliotecológico | |
| 905 | _aCJPM417 | ||
| 942 |
_cLIB _2ddc |
||
| 999 |
_c62137 _d62137 |
||